Real Decreto dando una nueva organización á la academias y estudios de las bellas artes

Publicado: Barcelona : Imprenta y Litografía de C. Verdaguer y Ca , 1849
Descripción Física: 15 p. ; 21 cm

MARC

LEADER 00000nam a2200000Ia 4500
001 21151
008 160829s1849 xx 000 0 cat d
080 |a RF-10-50 
245 |a Real Decreto dando una nueva organización á la academias y estudios de las bellas artes 
260 |a Barcelona :  |b Imprenta y Litografía de C. Verdaguer y Ca.,  |c 1849 
300 |a 15 p. ;  |c 21 cm 
590 |a Real Decret de 31 d'octubre de 1849.  
590 |a Prové de 3385, exp. 1 
650 |a Escoles de Belles Arts   |9 47355 
650 0 |a Escoles  |x Administració   |9 47356 
856 4 |u https://media.diba.cat/diba/fitxers/arxiu/fulletons/bib_21151_1849_baixa.pdf  |y Accés lliure 
856 4 |u https://media.diba.cat/diba/fitxers/arxiu/fulletons/bib_21151_1849_baixa.pdf  |y Accés lliure 
901 |a Arxiu 
942 |n 1  |2 udc 
952 |0 0  |1 0  |4 0  |6 RF1050  |7 1  |9 53833  |a Arxiu  |b Arxiu  |d 2016-12-01  |l 0  |o RF-10-50  |p 21151  |r 2016-12-01 00:00:00  |w 2016-12-01  |y ARXIU 
999 |c 57699  |d 57699 
900 |a bib_21151_1849_baixa.pdf